| 000 | 00648nam a2200169 a 4500 | ||
|---|---|---|---|
| 008 | 960129s1854||||xx 0 cze c | ||
| 040 |
_aSNK _bslo _cSNK _eAACR2 |
||
| 041 | 1 | _acze | |
| 245 | 1 | 0 |
_aDo kroku i pro oddech _bZpěvník lidových písní pro vojenské a mládežnické soubory, kluby vojskových těles a skupiny Svazarmu ; Uspořádal a harmonisoval Jiří Adamíra |
| 260 |
_aPraha _bNaše vojsko _c1854 _eS.l.(typ. Naše vojsko a Orbis) _f(typ. Naše vojsko a Orbis) |
||
| 300 |
_a203, [1] s. _c8ř |
||
| 490 | 0 |
_aArmád. soutěž tvořivosti _vsv. 21 |
|
| 700 | 1 |
_aAdamíra, Jiří _4com |
|
| 020 | _c16,35 | ||
| 044 | _aCZ | ||
| 958 | _aA | ||
| 999 |
_c15216 _d15216 |
||